000
00342nam a22001577a 4500
020
_a
8182-0403-10
082
_a
641.1
_b
NEG
100
_a
NEGI, JAGMOHAN
245
_a
FOOD AND BEVERAGE LAWS
250
_a
1ST
260
_a
DELHI
_b
AMAN
_c
2004
300
_a
287
650
_a
FOOD AND BEVERAGE
653
_a
FOOD, BEVERAGE
942
_2
ddc
_c
BK
999
_c
8025
_d
8025